000 01117nam a2200313 i 4500
001 000013284
003 DO-SdBNP
005 20260331131524.0
007 ta
008 091123s2003 dr 001 0 spa d
020 _a9993461733
040 _aDO-SdBNP
_bspa
_cBNPHU
_erda
041 _aspa
082 4 _a349.7293
_bV161e
_222
100 1 _aValenzuela Moquete, Emigdio,
_d1947-
_eautor
_4aut.
_930478
245 1 0 _aEntre el derecho y la vida /
_cEmigdio Valenzuela Moquete ; prólogo, Emmanuel Esquea Guerrero.
264 4 _aSanto Domingo :
_bEditora Búho,
_c©2003.
300 _a298 páginas ;
_c23 cm.
336 _atexto
_btxt
_2rdacontent
337 _asin mediación
_bn
_2rdamedia
338 _avolumen
_bnc
_2rdacarrier
500 _aIncluye datos biográficos del autor en la solapa de la cubierta
590 _aInventariado, 2022/MFF
650 4 _aEnsayos dominicanos
_xAspectos sociales
_zRepública Dominicana
_965
651 4 _aRepública Dominicana
_xLegislación
_910538
700 1 _aEsquea Guerrero, Emmanuel,
_eprologuista
_4pr.
_919539
910 _aMFF/ Validado, 2022/MFF
942 _2ddc
_cLBS1
999 _c12914
_d12914